| 000 | 02166nas a22004817a 4500 | ||
|---|---|---|---|
| 003 | CHAP | ||
| 005 | 20220329143423.0 | ||
| 008 | 001017 m p rnn 0 b1Eng d | ||
| 010 | _a96327 | ||
| 011 | _a97299 | ||
| 022 | _a0925-9864 | ||
| 035 | _a107963 | ||
| 040 | _cCHAP | ||
| 245 | 0 | 0 | _aGenetic resouces and crop evolution |
| 260 | 0 |
_aDordrecht, The Netherlands: _bSpringer _c19- |
|
| 300 | _av. | ||
| 310 | _amensual | ||
| 362 | _av.55 n.7,2008 | ||
| 590 |
_aBATCH-UPD _b10 _c20130110 _lUCH01 _h0506 |
||
| 590 |
_aBATCH-UPD _b10 _c20130410 _lUCH01 _h0144 |
||
| 590 |
_aBATCH-UPD _b10 _c20130914 _lUCH01 _h1123 |
||
| 590 |
_aCONVERSION _b10 _c20130109 _lUCH01 _h1353 |
||
| 650 | 0 | 4 |
_aCultivos _xPublicaciones periódicas. _930313 |
| 650 | 0 | 4 |
_aRecursos genéticos _xPublicaciones periódicas. _995084 |
| 852 | 2 |
_yISSUE _d2012-12-17 _503 |
|
| 852 | 2 |
_yISSUE _d2012-12-17 _503 |
|
| 852 | 2 |
_yISSUE _d2012-12-17 _503 |
|
| 852 | 2 |
_yISSUE _d2012-12-17 _503 |
|
| 852 | 2 |
_yISSUE _d2012-12-17 _503 |
|
| 852 | 2 |
_yISSUE _d2012-12-17 _503 |
|
| 866 | _av. 55 n. 3 (June 2008) - v. 55 n. 8 (December 2008) | ||
| 866 | _av.53 n.1-8 - (2006) | ||
| 866 | _av.54 n.1-8 - (2007) | ||
| 901 | _aSE | ||
| 905 | _aAraceli Hernández Gómez. | ||
| 942 | _cISSUE | ||
| 949 |
_bBC _cPS _d203153 _ePS _fv. 55 n. 3 ( February 2008) _i107963 _j55 _sn |
||
| 949 |
_bBC _cPS _d204970 _ePS _fv. 55 n. 4 ( February 2008) _i107963 _j55 _sn |
||
| 949 |
_bBC _cPS _d204971 _ePS _fv. 55 n. 5 ( February 2008) _i107963 _j55 _sn |
||
| 949 |
_bBC _cPS _d204972 _ePS _fv. 55 n. 6 ( February 2008) _i107963 _j55 _sn |
||
| 949 |
_bBC _cPS _d204973 _ePS _fv. 55 n. 7 ( February 2008) _i107963 _j55 _sn |
||
| 949 |
_bBC _cPS _d204974 _ePS _fv. 55 n. 8 ( March 2008) _i107963 _j55 _sn |
||
| 999 |
_c96327 _d96327 |
||